| 000 | 00694nam a2200229Ia 4500 | ||
|---|---|---|---|
| 005 | 20250425162537.0 | ||
| 008 | 250425s9999 xx 000 0 und d | ||
| 020 | _a0133755363 | ||
| 041 | _aeng | ||
| 082 |
_a621.384 15 _pRAP |
||
| 100 | _aRappaport, Theodore S. | ||
| 245 | 0 |
_aWireless Communications _bPrinciples and Practice _cTheodore S. Rappaport |
|
| 260 |
_aEstados Unidos _bPrentice Hall _c1996 |
||
| 300 |
_a641 p. _bIlustrado _c24 cm |
||
| 500 | _aIncluye tabla de contenido, bibliografía, índice | ||
| 650 | _aCodificación | ||
| 650 | _aComunicaciones inalámbricas | ||
| 650 | _aRadio inalámbrico | ||
| 902 |
_aMonográfico _cImpreso |
||
| 942 | _c01 | ||
| 010 | _a84549 | ||
| 999 |
_c231405 _d231405 |
||